000 00877nam a22003017a 4500
001 0053805
003 KOHA_MİRAKIL
005 20260207003927.0
007 ta
008 160215b2004 tu |||gr||||#||||0|tur |
020 _a9759885166
040 _aTR-BiSEU
_btur
_cTR-BiSEU
_erda
041 0 _atur
044 _ctu
050 _aJX1391
_b.O98 2004
100 1 _aÖztürk, Osman Metin.
245 1 _aDış politikada kriz yönetimi/
_cOsman Metin Öztürk ; Osman Metin Öztürk.
264 1 _aAnkara :
_bOdak
_c2004
300 _a260 sayfa ;
_c21 cm.
336 _ametin
_btxt
_2rdacontent
337 _aaracısız
_bn
_2rdamedia
338 _acilt
_bnc
_2rdacarrier
650 0 _aCrisis Management.
_980389
650 0 _aInternational Relations.
_910140
650 0 _aKriz Yönetimi.
_942274
650 0 _aUluslararası İlişkiler.
_910529
942 _2lcc
_cBK
999 _c53614
_d53614